Sondage utilisateurs Jetpunk - Statistiques

Statistiques générales
  • Ce quiz a été pris 362 fois
  • Le résultat moyen est 8 sur 11
Statistiques - réponses
Question Réponse % Correct
Avez-vous déjà essayé le qui "Pays du monde"? Oui
100%
Appréciation du site Positive
100%
Pays dans lequel vous vivez France
90%
Appréciation du sondage Positive
90%
Fréquence d'utilisation Récurrente (au moins une fois par semaine)
81%
Catégorie d'âge Majeur
76%
Genre Homme
67%
Lieu de vacances favori Mer
52%
Domaine d'étude ou de profession Scientifique
52%
Bonus: Connaissiez-vous déjà mon profil ou mes quiz avant ce sondage? Oui
38%
Utilisation de Jetpunk Création de quiz et prise de d'autres
33%
Aucun quiz correspondant
Distribution des résultats
% des personnes avec chaque résultat
Percentile par nombre de réponses
Votre historique - résultats
Vous n’avez pas pris ce quiz